[Event "Pan American-ch U20 Girls"]
[Site "Vila Santa Cecilia"]
[Date "2023.11.11"]
[Round "9"]
[White "Contreras Huaman, Fiorella Daiana"]
[Black "Rozas Lazcano, Valeska"]
[Result "1-0"]
[WhiteElo "1896"]
[BlackElo "1650"]
[PlyCount "59"]
[EventDate "2023.11.06"]
[EventType "tourn"]
[EventRounds "9"]
[EventCountry "BRA"]
[SourceTitle "CB46_2023"]
[SourceDate "2023.11.15"]
[SourceVersion "1"]
[SourceVersionDate "2023.11.15"]
[SourceQuality "1"]

1. e4 c5 2. Nc3 d6 3. g3 Nc6 4. Bg2 g6 5. d3 Bg7 6. Be3 Nf6 7. h3 Rb8 8. f4 b5 9. e5 dxe5 10. Bxc6+ Nd7 11. Qf3 0-0 12. Nge2 b4 13. Na4 exf4 14. gxf4 Qc7 15. 0-0 Bb7 16. Bxb7 Rxb7 17. Rad1 a5 18. d4 c4 19. b3 Rb5 20. Nc5 c3 21. Ng3 Nf6 22. Qe2 Qc6 23. f5 Rbb8 24. Bf4 Rb6 25. Be5 Bh6 26. Bxf6 exf6 27. Qf3 Qc8 28. Nge4 Bg7 29. Na4 Rb7 30. Nd6 1-0

[Event "CHI-ch (Women)"]
[Site "Las Condes"]
[Date "2022.02.21"]
[Round "4"]
[White "Rozas Lazcano, Valeska"]
[Black "Sanchez Tobar, Francisca Valentina"]
[Result "1/2-1/2"]
[WhiteElo "1456"]
[BlackElo "1837"]
[PlyCount "115"]
[EventDate "2022.02.18"]
[EventType "tourn"]
[EventRounds "11"]
[EventCountry "CHI"]
[SourceTitle "CBM 207 Extra"]
[Source "ChessBase"]
[SourceDate "2022.05.31"]
[SourceVersion "1"]
[SourceVersionDate "2022.05.31"]
[SourceQuality "1"]

1. e4 e5 2. Nf3 Nc6 3. Bb5 a6 4. Ba4 Nf6 5. d3 b5 6. Bb3 Bc5 7. h3 h6 8. c3 Bb6 9. Be3 Rb8 10. Nbd2 d6 11. a4 0-0 12. 0-0 Ne7 13. a5 Bxe3 14. fxe3 Ng6 15. Bc2 d5 16. d4 dxe4 17. Nxe4 Nd5 18. Qd2 f5 19. Nc5 e4 20. Nh2 Kh8 21. Bb3 Rf6 22. Qe2 c6 23. Bxd5 cxd5 24. b3 f4 25. Ng4 Bxg4 26. Qxg4 fxe3 27. Rxf6 Qxf6 28. Rf1 Qg5 29. Qxg5 hxg5 30. Re1 Rc8 31. Rxe3 Nf4 32. Kh2 Rc6 33. Kg3 Rf6 34. c4 dxc4 35. bxc4 bxc4 36. Nxe4 Re6 37. Kf3 Nd5 38. Re2 Rc6 39. Nxg5 g6 40. Ne4 Nb4 41. Nc3 Rd6 42. d5 Nxd5 43. Nxd5 Rxd5 44. Rc2 Rxa5 45. Rxc4 Kg7 46. h4 Ra1 47. g4 a5 48. Rc7+ Kg8 49. Rc6 Kg7 50. Rc7+ Kg8 51. Kf4 a4 52. Kg5 a3 53. Kxg6 Kf8 54. Ra7 a2 55. h5 Rg1 56. Ra8+ Ke7 57. Rxa2 Rxg4+ 58. Kh7 1/2-1/2

[Event "CHI-ch U20 Girls"]
[Site "Quirihue"]
[Date "2022.01.18"]
[Round "2"]
[White "Romero Troncoso, Liset Anais"]
[Black "Rozas Lazcano, Valeska"]
[Result "1-0"]
[WhiteElo "1573"]
[BlackElo "1451"]
[PlyCount "99"]
[EventDate "2022.01.17"]
[EventType "swiss"]
[EventRounds "9"]
[EventCountry "CHI"]
[SourceTitle "CBM 206 Extra"]
[Source "ChessBase"]
[SourceDate "2022.03.31"]
[SourceVersion "1"]
[SourceVersionDate "2022.03.31"]
[SourceQuality "1"]

1. f4 c5 2. Nf3 e6 3. e3 d6 4. b3 Nf6 5. Bb2 Be7 6. Be2 a6 7. 0-0 b5 8. a4 b4 9. h3 h5 10. Ng5 g6 11. Bf3 Ra7 12. d3 Nbd7 13. Nd2 Bb7 14. Bxb7 Rxb7 15. e4 Qc7 16. Qe1 Rg8 17. Nc4 Nb6 18. Rd1 Nfd7 19. Nf3 Bf8 20. Qe2 Be7 21. Kh1 Rb8 22. Nxb6 Nxb6 23. Nd2 Rd8 24. Nc4 Nxc4 25. dxc4 Kd7 26. f5 gxf5 27. exf5 Qc6 28. fxe6+ fxe6 29. Rf7 Rdf8 30. Rdf1 Rxf7 31. Rxf7 Ke8 32. Rf2 e5 33. Qxh5+ Kd8 34. Qf3 e4 35. Qe3 Re8 36. Bf6 Bxf6 37. Rxf6 Qd7 38. Qf4 Kc7 39. Rf7 Re7 40. Rxe7 Qxe7 41. Qe3 Qe5 42. g4 Kd7 43. Kg2 Qd4 44. Kf2 Qf6+ 45. Ke2 Qe5 46. h4 Qh2+ 47. Qf2 Qe5 48. Qf5+ Ke7 49. Qxe5+ dxe5 50. Ke3 1-0

[Event "Pan American-ch Hybrid U18 Girls 31st"]
[Site "Tornelo INT"]
[Date "2021.09.04"]
[Round "6"]
[White "Rozas Lazcano, Valeska"]
[Black "Felix, Jhulia Vitoria"]
[Result "1-0"]
[WhiteElo "1399"]
[BlackElo "1409"]
[PlyCount "93"]
[EventDate "2021.09.04"]
[EventType "swiss"]
[EventRounds "9"]
[EventCountry "NET"]
[SourceTitle "EXT 2023"]
[Source "ChessBase"]
[SourceDate "2022.10.05"]
[SourceVersion "1"]
[SourceVersionDate "2022.10.05"]
[SourceQuality "1"]

1. d4 d5 2. Bf4 Nf6 3. e3 e6 4. Bd3 c5 5. c3 Be7 6. Nd2 0-0 7. Ngf3 Nc6 8. 0-0 Bd6 9. Ne5 Qc7 10. Ndf3 cxd4 11. cxd4 Bxe5 12. Nxe5 Qe7 13. Qf3 Nb4 14. Bb1 Nd7 15. Qg3 Nxe5 16. Bxe5 f6 17. Bd6 Qd8 18. Bxb4 Rf7 19. Qh4 h6 20. Bg6 Rd7 21. Rac1 Rc7 22. Rxc7 Qxc7 23. Bc3 Bd7 24. Qg3 Qxg3 25. hxg3 Be8 26. Bxe8 Rxe8 27. f4 f5 28. Kf2 Rc8 29. Ke2 b5 30. Kd2 h5 31. Rh1 g6 32. Rc1 Rc4 33. b3 Rc6 34. Bb4 Ra6 35. a3 Kf7 36. Rc7+ Kg8 37. Rb7 Rb6 38. Rxb6 axb6 39. Bd6 Kf7 40. Bc7 Kg7 41. Bxb6 Kh6 42. a4 g5 43. a5 gxf4 44. gxf4 h4 45. Ke2 Kh5 46. Kf3 h3 47. gxh3 1-0

[Event "Online Olym Div2 E"]
[Site "Chess.com INT"]
[Date "2021.09.02"]
[Round "3.4"]
[White "Rozas Lazcano, Valeska"]
[Black "Brown, Raehanna"]
[Result "0-1"]
[WhiteElo "1399"]
[BlackElo "1594"]
[PlyCount "60"]
[EventDate "2021.09.02"]
[EventType "team (rapid)"]
[EventRounds "9"]
[EventCountry "USA"]
[SourceTitle "CBM 204 Extra"]
[Source "ChessBase"]
[SourceDate "2021.11.30"]
[SourceVersion "1"]
[SourceVersionDate "2021.11.30"]
[SourceQuality "1"]
[WhiteTeam "Chile"]
[BlackTeam "Jamaica"]
[WhiteTeamCountry "CHI"]
[BlackTeamCountry "JAM"]

1. e4 c5 2. Nc3 Nc6 3. Bb5 g6 4. Bxc6 bxc6 5. f4 Bg7 6. Nf3 e6 7. d3 d6 8. 0-0 Ne7 9. Qe1 0-0 10. e5 Nf5 11. Ne4 dxe5 12. fxe5 Nd4 13. Rf2 Nxf3+ 14. Rxf3 Bxe5 15. c3 Bg7 16. Kh1 c4 17. dxc4 Rb8 18. b4 Ba6 19. c5 Bc4 20. Nd6 Bd5 21. Rf1 Rxb4 22. Bg5 Qxg5 23. Qf2 Rf4 24. Qg3 Rxf1+ 25. Rxf1 Qxg3 26. hxg3 Bxc3 27. Rb1 Bd4 28. Rc1 Rb8 29. Rf1 f5 30. Rc1 Rb2 0-1

[Event "World Cup U18 Girls Prel"]
[Site "Tornelo INT"]
[Date "2021.08.01"]
[Round "3"]
[White "Rozas Lazcano, Valeska"]
[Black "Tan, Mary Joy"]
[Result "0-1"]
[WhiteElo "1399"]
[BlackElo "1740"]
[PlyCount "92"]
[EventDate "2021.08.01"]
[EventType "swiss (rapid)"]
[EventRounds "10"]
[EventCountry "NET"]
[SourceTitle "EXT 2024"]
[Source "ChessBase"]
[SourceDate "2023.10.10"]
[SourceVersion "1"]
[SourceVersionDate "2023.10.10"]
[SourceQuality "1"]

1. e4 c5 2. Nc3 e6 3. Nf3 a6 4. d4 cxd4 5. Nxd4 Qc7 6. g3 Nf6 7. Bg2 Be7 8. 0-0 0-0 9. Be3 d6 10. f4 Nc6 11. Nxc6 bxc6 12. g4 e5 13. f5 h6 14. g5 hxg5 15. Bxg5 Nh7 16. Be3 Rd8 17. Qh5 Nf6 18. Qf3 Bb7 19. Qg3 d5 20. Bh6 Bf8 21. Bg5 Be7 22. Qh4 dxe4 23. Nxe4 Rd4 24. Rae1 Nxe4 25. Bxe4 Bxg5 26. Qxg5 f6 27. Qg2 Rad8 28. Rf2 a5 29. Rfe2 Ba6 30. Re3 Rd2 31. Qg6 Qa7 32. Bd3 Bxd3 33. cxd3 R2xd3 34. Qg3 Qd4 35. Kf2 Qxb2+ 36. R1e2 Qd4 37. Qf3 Rxe3 38. Rxe3 Qd2+ 39. Kg3 c5 40. Rc3 Qg5+ 41. Kf2 Qh4+ 42. Ke2 Qd4 43. Re3 Qd1+ 44. Kf2 Rd2+ 45. Kg3 Qg1+ 46. Kh3 Rxh2# 0-1

[Event "South America-ch U20"]
[Site "Chess.com INT"]
[Date "2021.06.19"]
[Round "2"]
[White "Rozas Lazcano, Valeska"]
[Black "Castellanos Villela, Alejandro"]
[Result "0-1"]
[WhiteElo "1399"]
[BlackElo "2202"]
[PlyCount "44"]
[EventDate "2021.06.19"]
[EventType "swiss"]
[EventRounds "7"]
[EventCountry "CHI"]
[SourceTitle "CBM 203 Extra"]
[Source "ChessBase"]
[SourceDate "2021.09.30"]
[SourceVersion "1"]
[SourceVersionDate "2021.09.30"]
[SourceQuality "1"]

1. e4 g6 2. d4 Bg7 3. Be3 c5 4. f3 cxd4 5. Bxd4 Nf6 6. Nc3 Nc6 7. Be3 0-0 8. Qd2 e6 9. 0-0-0 Re8 10. g4 d5 11. exd5 Nxd5 12. Nxd5 exd5 13. Bh6 Bh8 14. h4 Qb6 15. c3 Be6 16. h5 d4 17. hxg6 fxg6 18. c4 d3 19. Be3 Qa6 20. a3 Qxc4+ 21. Kb1 Qa2+ 22. Kc1 Qa1# 0-1

[Event "South America-ch U16 Girls 16th"]
[Site "Buenos Aires"]
[Date "2019.12.02"]
[Round "2.7"]
[White "Ayala Rosero, Ariana Marcela"]
[Black "Rozas Lazcano, Valeska"]
[Result "1-0"]
[WhiteElo "1515"]
[BlackElo "1396"]
[PlyCount "81"]
[EventDate "2019.12.01"]
[EventType "swiss"]
[EventRounds "9"]
[EventCountry "ARG"]
[SourceTitle "EXT 2024"]
[Source "ChessBase"]
[SourceDate "2023.10.10"]
[SourceVersion "1"]
[SourceVersionDate "2023.10.10"]
[SourceQuality "1"]

1. d4 d6 2. Nf3 Nf6 3. c4 g6 4. Nc3 Bg7 5. e4 0-0 6. Be2 Nc6 7. 0-0 e5 8. d5 Ne7 9. Ne1 Ne8 10. Be3 f5 11. f3 f4 12. Bf2 Nf6 13. b4 g5 14. c5 Ng6 15. Rc1 Rf7 16. a4 Bf8 17. cxd6 Bxd6 18. Nd3 b6 19. Nb5 Bb7 20. Nxd6 cxd6 21. b5 Nd7 22. Nb4 Nc5 23. Nc6 Qc7 24. Bxc5 bxc5 25. a5 Nf8 26. Qb3 Bxc6 27. dxc6 Kg7 28. Bc4 Re7 29. b6 Qd8 30. c7 Rxc7 31. bxc7 Qxc7 32. Rb1 Nd7 33. Qb7 Rc8 34. Ba6 Qxb7 35. Rxb7 Rd8 36. Bb5 Kf6 37. Rxd7 Rb8 38. Rxd6+ Ke7 39. Rd7+ Ke6 40. Rfd1 Rxb5 41. R1d6# 1-0

[Event "Quilpue June op"]
[Site "Quilpue"]
[Date "2018.06.02"]
[Round "5.3"]
[White "Rosales Valdivieso, Claudio"]
[Black "Rozas Lazcano, Valeska"]
[Result "1-0"]
[WhiteElo "1704"]
[BlackElo "1235"]
[PlyCount "95"]
[EventDate "2018.06.02"]
[EventType "swiss"]
[EventRounds "5"]
[EventCountry "CHI"]
[SourceTitle "EXT 2024"]
[Source "ChessBase"]
[SourceDate "2023.10.10"]
[SourceVersion "1"]
[SourceVersionDate "2023.10.10"]
[SourceQuality "1"]

1. e4 c5 2. f4 d6 3. Nf3 Nf6 4. d3 g6 5. h3 Bg7 6. Nc3 Nc6 7. Be3 Bd7 8. g4 a6 9. g5 Nh5 10. Rg1 b5 11. Qd2 b4 12. Nd1 Bxb2 13. Nxb2 a5 14. Nc4 a4 15. Kf2 Qb8 16. Bg2 0-0 17. Nh4 b3 18. Rgb1 Qb5 19. cxb3 Qb4 20. Qxb4 Nxb4 21. Nb6 Ra7 22. Nxd7 Rxd7 23. Rd1 Ra8 24. f5 axb3 25. axb3 Rda7 26. Rxa7 Rxa7 27. Bf3 Ra3 28. Bxh5 gxh5 29. f6 e6 30. d4 cxd4 31. Rxd4 Rxb3 32. Rxd6 Nd3+ 33. Ke2 h6 34. Rxd3 Rxd3 35. Kxd3 Kh7 36. Kd4 hxg5 37. Bxg5 Kg8 38. Ke5 Kh7 39. Kd6 Kh8 40. Ke7 Kg8 41. e5 Kh8 42. Kxf7 Kh7 43. Kxe6 Kg8 44. Ke7 Kh8 45. f7 Kh7 46. Bf6 Kh6 47. f8Q+ Kh7 48. Qg7# 1-0